Catálogo

DOS AÑOS DE ENGAÑOS : (Registro nro. 48650)

Detalles MARC
000 -LEADER
fixed length control field 01041nam a2200181 a 4500
001 - CONTROL NUMBER
control field 48650
005 - DATE AND TIME OF LATEST TRANSACTION
control field 20180714033029.0
008 - FIXED-LENGTH DATA ELEMENTS--GENERAL INFORMATION
fixed length control field 140415s2003 mx 000 0 spa d
041 ## - LANGUAGE CODE
Language code of text/sound track or separate title spa
082 ## - DEWEY DECIMAL CLASSIFICATION NUMBER
Classification number 321.09
Item number AND
100 1# - MAIN ENTRY--PERSONAL NAME
Personal name ANDRADE SANCHEZ, EDUARDO
245 10 - TITLE STATEMENT
Title DOS AÑOS DE ENGAÑOS :
Remainder of title COLABORACION PERIODISTICA
250 ## - EDITION STATEMENT
Edition statement 1a ed.
260 ## - PUBLICATION, DISTRIBUTION, ETC.
Place of publication, distribution, etc. MEXICO :
Name of publisher, distributor, etc. FUNDACION COLOSIO, A.C.,
Date of publication, distribution, etc. 2003
300 ## - PHYSICAL DESCRIPTION
Extent 487
Dimensions 14 x 1.5 x 20.8
520 ## - SUMMARY, ETC.
Summary, etc. EDUARDO ANDRADE NOS ENTREGA UN LIBRO EN DONDE GRAVITA EL ESPIRITU DE UNA ETAPA DE NUESTRO PAIS; UNA ETAPA CRITICA Y CONVULSA, FRESCA TODAVIA PARA VALORARLA CON PRECISIÓN, PERO SIN DUDA TRASCENDENTE. EL AUTOR INCURRE CON TODA CONCIENCIA EN UN ACTO DE CRITICA OPOSITORA SIN CORTAPISAS: NO HAY TREGUA NI POSIBILIDAD DE ENCONTRAR EN SUS PREMISAS Y EN EL DESARROLLO DE SUS TEMAS, CONCESIÓN ALGUNA HACIA EL GOBIERNO QUE EL 2 DE JULIO DEL 2000, REMOVIÓ AL PRI DE LA PRESIDENCIA DE LA REPUBLICA.
650 14 - SUBJECT ADDED ENTRY--TOPICAL TERM
Topical term or geographic name entry element PERIODISMO
General subdivision CRITICA
-- SISTEMA POLITICO
-- MEXICO
-- CAMBIO POLTICO
-- MXICO
Existencias
Withdrawn status Lost status Source of classification or shelving scheme Damaged status Not for loan Collection code Home library Current library Shelving location Date acquired Source of acquisition Inventory number Total Checkouts Full call number Barcode Date last seen Price effective from Koha item type
    Dewey Decimal Classification     General Biblioteca Karol Wojtyla Biblioteca Karol Wojtyla Sala general 03/12/2013 Compra 151000000000000000055623   321.09 AND 72666 05/01/2026 03/12/2013 Libro